Normal view
MARC view
Entry Personal Name
001 - CONTROL NUMBER
- control field: 812850
003 - CONTROL NUMBER IDENTIFIER
- control field: OSt
005 - DATE AND TIME OF LATEST TRANSACTION
- control field: 20250613151314.0
008 - FIXED-LENGTH DATA ELEMENTS
- fixed length control field: 250613|| aca||aabn | a|a d
040 ## - CATALOGING SOURCE
- Original cataloging agency: OSt
- Transcribing agency: OSt
100 ## - HEADING--PERSONAL NAME
- Personal name: ਸਿੰਘ, ਸੋਢੀ ਕੁਲਦੀਪ
670 ## - SOURCE DATA FOUND
- Source citation: Work cat.: (OSt)1431719: ਸਿੰਘ, ਸੋਢੀ ਕੁਲਦੀਪ , ਨਿਕੇ ਸਰਦਾਰ , 2021.
